000 00688nam a22002297a 4500
999 _c159664
_d159664
005 20181227171236.0
006 a|||||f|||| 00| 0
007 tc
008 180720b xxu||||| |||| 00| 0 eng d
010 _aB-156834-B-156835
020 _c05.00
035 _aB-156834
037 _bA.I.C.B.
082 _aS
100 _aKipling, R.
245 _aEattain Courairous
_cby R. Kipling
260 _aDelhi
_bA.C.I.B.
_cN.D.
270 _aSector-5, Rohini,
_bNew Delhi
_e110085
300 _avarious pages.
_c30cm(HB).
942 _2ddc
_cBRLEN
_hS
_mKIP